| 000 | 00818nam a2200217Ia 4500 | ||
|---|---|---|---|
| 001 | 14379 | ||
| 005 | 20260323155217.0 | ||
| 008 | 260306t2015||||xx |||||||||||||| ||spa|| | ||
| 041 | _aESP | ||
| 082 |
_a512.5 _bL25 |
||
| 100 |
_aLarson, Ron _eAUT |
||
| 245 | 0 | _aFundamentos de álgebra lineal | |
| 260 | _c2015 | ||
| 300 |
_a390 páginas : _c27 cm. |
||
| 650 | _aGEN | ||
| 654 | _aCMA | ||
| 856 |
_uhttps://itmsp.museknowledge.com/UCSP?url=https://www.ebooks7-24.com:443/?il=1302&pg=1 _zVersión digital |
||
| 856 |
_uhttps://0u213tqv0-y-https-ebooks7--24-com.itmsp.museknowledge.com/biblioteca.aspx _zVéase además: Base de datos Ebook7-24 |
||
| 856 |
_uhttps://0u20ftqo7-y-https-research-ebsco-com.itmsp.museknowledge.com/c/qxo6us/search _zVéase además: Base de datos EBSCOhost |
||
| 942 |
_cLIB _dJUS _fJUS _2ddc |
||
| 999 |
_c14379 _d14379 |
||